000 02517nam a2200577 i 4500
003 DO-SdBNP
005 20250506084745.0
007 ta
008 250430s1984 sp a r 000 0 spa d
020 _a8435902900
040 _aDO-SdBNP
_bspa
_cBNPHU
_erda
082 _a863.3
_bL431t
_222
245 0 0 _aLazarillo de Tormes /
_cAnónimo. ; colaboradores, Pedro Aullón de Haro, Miguel Borroto Recio, José M. Díez Borque, José Escarpanter, Gastón Fdez. dela Torriente y otros ; ilustraciones, Arturo Rodríguez
250 _aSegunda edición
264 1 _aMadrid, España :
_bEditorial Playor,
_c1984.
300 _a135 páginas
_bilustraciones
_c21 cm.
336 _atexto
_btxt
_2rdacontent
337 _asin mediación
_bn
_2rdamedia
338 _avolumen
_bnc
_2rdacarrier
490 1 _aClásicos comentados Playor
500 _aIncluye esquema para el comentario de la obra.
500 _aIncluye notas a pie de páginas.
500 _aEdición especial para estudiantes.
504 _aBibliografía p: 131-132.
590 _aInventariado, 2025/ YL
650 4 _aNovela española
_91123
650 4 _aNovela picaresca española
_942269
650 4 _aLiteratura española
_9632
700 1 _aAullón de Haro, Pedro
_ecolaboradores
_4col.
_987585
700 1 _aBorroto Recio, Miguel
_ecolaboradores
_4col.
_987586
700 1 _aDíez Borque, José M.
_ecolaboradores
_4col.
_987587
700 1 _aEscarpanter, José
_ecolaboradores
_4col.
_968347
700 1 _aFdez. de la Torriente, Gastón
_ecolaboradores
_4col.
_987588
700 1 _aHuerta Calvo, Javier
_ecolaboradores
_4col.
_987589
700 1 _aLópez Morales, Humberto
_ecolaboradores
_4col.
_95734
700 1 _aMartín, José Luis
_ecolaboradores
_4col.
_987590
700 1 _aMartín Duque, I.
_ecolaboradores
_4col.
_987591
700 1 _aMoro, Lilliam
_ecolaboradores
_4col.
_987592
700 1 _aPalette, Juan
_ecolaboradores
_4col.
_987593
700 1 _aRomera, José
_ecolaboradores
_4col.
_987594
700 1 _aSerrano, Pío E.
_ecolaboradores
_4col.
_987595
700 1 _aShimose, Pedro
_ecolaboradores
_4col.
_987596
700 1 _aSuárez-Galbán, Eugenio
_ecolaboradores
_4col.
_987597
700 1 _aTirado, Carlos
_ecolaboradores
_4col.
_987598
700 1 _aVaquero, María
_ecolaboradores
_4col.
_987599
700 1 _aZayas-Bazán, Eduardo
_ecolaboradores
_4col.
_987600
700 1 _aMadrigal, José A.
_ecolaboradores
_4col.
_987601
700 1 _aRodríguez, Arturo
_eilustraciones
_4il.
_987602
910 _aYLockward
942 _2ddc
_cLBS1
999 _c58871
_d58871